Educación en América Latina : problemas y desafíos
| Glavni avtor: | |
|---|---|
| Format: | Knjiga |
| Jezik: | španščina |
| Izdano: |
Santiago de Chile :
PREAL,
1997
|
| Serija: | Documentos no.7
|
| Teme: |
MARC
| LEADER | 00000nam a2200000Ia 4500 | ||
|---|---|---|---|
| 008 | 180226b1997 cl ||||| |||| 00| | spa d | ||
| 999 | |c 1546 |d 1546 | ||
| 090 | |a 06.02.01 |b 236 | ||
| 100 | 1 | |9 347 |a Puryear, Jeffrey M. | |
| 245 | 1 | 0 | |a Educación en América Latina : problemas y desafíos |
| 260 | |a Santiago de Chile : |b PREAL, |c 1997 | ||
| 300 | |a 18 páginas | ||
| 490 | |a Documentos no.7 | ||
| 650 | 1 | 4 | |a EDUCACIÓN |9 1 |
| 650 | 1 | 4 | |a ECONOMÍA DE LA EDUCACIÓN |9 3398 |
| 650 | 1 | 4 | |a CALIDAD DE LA EDUCACIÓN |9 11 |
| 650 | 1 | 4 | |a DATOS ESTADÍSTICOS |9 452 |
| 942 | |i 00321 ,00322 |h 06.02.01 236 |2 z |c 01 | ||
